[Event "4NCL/Div1/ADs-WG2"]
[Site "Rd10-Birmingham"]
[Date "2000.04.30"]
[Round "10.4"]
[White "Pein, Malcolm"]
[Black "Richardson, John"]
[Result "1/2-1/2"]
[WhiteElo "2436"]
[BlackElo "2331"]
[PlyCount "96"]
[EventDate "2000.04.30"]

1. Nf3 d5 2. c4 dxc4 3. e3 Nf6 4. Bxc4 e6 5. d4 c5 6. O-O a6 7. Bd3 cxd4 8.
exd4 Be7 9. Nc3 Nbd7 10. Re1 O-O 11. Bc2 b5 12. a3 Bb7 13. Qd3 Nb6 14. Ne5 Nbd5
15. Qh3 Nxc3 16. bxc3 Bd5 17. Bg5 g6 18. Qh4 Ra7 19. a4 Nh5 20. Bxe7 Qxe7 21.
Qxe7 Rxe7 22. Bd3 Rc8 23. axb5 axb5 24. Rec1 Rec7 25. Bxb5 Rxc3 26. Rxc3 Rxc3
27. Bf1 Rc7 28. Ng4 Rb7 29. Ne3 Rb4 30. Nxd5 exd5 31. Rd1 Nf6 32. Be2 Kf8 33.
Bf3 Ke7 34. Kf1 Ne4 35. Bxe4 dxe4 36. Ke2 Kd6 37. Ke3 f5 38. Ra1 Rb3+ 39. Ke2
Kd5 40. Ra7 Kxd4 41. Rd7+ Ke5 42. Rxh7 Rb2+ 43. Ke1 f4 44. Re7+ Kf5 45. Rf7+
Kg4 46. h3+ Kg5 47. Re7 Rb1+ 48. Ke2 Rb2+ 1/2-1/2

[Event "4NCL/Div1/ADs-WG2"]
[Site "Rd10-Birmingham"]
[Date "2000.04.30"]
[Round "10.5"]
[White "Lyell, Mark"]
[Black "Tiller, Bjorn"]
[Result "0-1"]
[WhiteElo "2222"]
[BlackElo "2382"]
[PlyCount "128"]
[EventDate "2000.04.30"]

1. e4 e6 2. d4 d5 3. e5 c5 4. c3 Nc6 5. Nf3 Qb6 6. a3 c4 7. Nbd2 Na5 8. Be2 Bd7
9. O-O O-O-O 10. Ng5 Nh6 11. Ndf3 Nb3 12. Rb1 f6 13. Nh3 Nf7 14. Be3 Be7 15.
Nd2 Kb8 16. Nxb3 Ba4 17. Qd2 Bxb3 18. Rfe1 Rhg8 19. Bh5 g6 20. exf6 Bxf6 21.
Bg4 Ka8 22. Ng5 Bxg5 23. Bxg5 Rde8 24. Re2 h5 25. Bh3 Bc2 26. Rbe1 Bf5 27. Bxf5
gxf5 28. Bf4 h4 29. h3 Rg6 30. Qc2 Reg8 31. f3 e5 32. Bxe5 Nxe5 33. Rxe5 Rxg2+
34. Qxg2 Rxg2+ 35. Kxg2 a6 36. R5e2 Qg6+ 37. Kf1 Qg3 38. Rf2 Qxh3+ 39. Ke2 f4
40. Kd2 Qg3 41. Ree2 Ka7 42. Kc2 h3 43. Kb1 Kb6 44. Ka2 Ka5 45. Rf1 Ka4 46. Rd2
b5 47. Rc2 a5 48. Re2 b4 49. axb4 axb4 50. cxb4 h2 51. Rh1 Qxf3 52. Rhxh2 Qb3+
53. Ka1 Qd3 54. Rhf2 c3 55. bxc3 Qxc3+ 56. Rb2 Ka3 57. Rh2 f3 58. Rhc2 Qxd4 59.
Kb1 Qg1+ 60. Rc1 f2 61. Ra2+ Kb3 62. Rb2+ Ka4 63. Ra2+ Kb5 64. Ra5+ Kxb4 0-1

[Event "4NCL/Div1/ADs-WG2"]
[Site "Rd10-Birmingham"]
[Date "2000.04.30"]
[Round "10.6"]
[White "Law, Andrew"]
[Black "Cafferty, Bernard"]
[Result "1/2-1/2"]
[WhiteElo "2304"]
[BlackElo "2195"]
[PlyCount "51"]
[EventDate "2000.04.30"]

1. Nf3 Nf6 2. c4 e6 3. Nc3 Bb4 4. Qc2 c5 5. a3 Ba5 6. e3 b6 7. Be2 Bb7 8. O-O
O-O 9. b3 Bxc3 10. Qxc3 Ne4 11. Qc2 Ng5 12. Nxg5 Qxg5 13. f3 Nc6 14. Rd1 Rfd8 {
(=)} 15. d4 Qf6 16. Bb2 Qh6 17. Qc3 cxd4 18. exd4 Ne7 19. Qd2 Qh4 20. Bf1 Rac8
21. Rac1 d6 22. Qf2 Qh5 23. Re1 Ng6 24. Rcd1 Qg5 25. Bc1 Qf6 26. Bb2 1/2-1/2

[Event "4NCL/Div1/ADs-WG2"]
[Site "Rd10-Birmingham"]
[Date "2000.04.30"]
[Round "10.7"]
[White "Bellin, Jana"]
[Black "Pert, Richard"]
[Result "0-1"]
[WhiteElo "2169"]
[BlackElo "2298"]
[PlyCount "146"]
[EventDate "2000.04.30"]

1. d4 Nf6 2. Nf3 c5 3. c3 b6 4. Bf4 Bb7 5. e3 g6 6. h3 Bg7 7. Be2 O-O 8. O-O d6
9. Nbd2 Nbd7 10. a4 Re8 11. Bh2 a6 12. Qb3 Rb8 13. Ng5 Rf8 14. Bc4 Qe8 15. Qa2
h6 16. Ngf3 Rd8 17. b4 cxb4 18. cxb4 e5 19. Rac1 Qe7 20. Bb3 Rc8 21. Rfd1 e4
22. Ne1 d5 23. Qa3 Rfe8 24. Nc2 Bf8 25. Qb2 Qe6 26. Ba2 g5 27. a5 g4 28. h4 Nh5
29. Nf1 Be7 30. Ng3 Qg6 31. axb6 Nxb6 32. Na1 Bxh4 33. Nxh5 Qxh5 34. Bc7 Qg6
35. g3 Be7 36. Qa3 Nd7 37. Nb3 Bc6 38. Bf4 Bb5 39. Nc5 Nb6 40. Rd2 Rc6 41. Rdc2
Rec8 42. Bb3 Qh5 43. Qa2 Ra8 44. Nxe4 Rxc2 45. Qxc2 dxe4 46. Qxe4 Re8 47. Bc2
Qg6 48. Qxg6+ fxg6 49. Bxg6 Rc8 50. Rxc8+ Nxc8 51. Bf5 Nb6 52. Bxg4 Bxb4 53. d5
a5 54. Be6+ Kg7 55. e4 a4 56. Be5+ Kf8 57. d6 a3 58. Bd4 Nd7 59. e5 Nc5 60. Ba2
Ne4 61. Kg2 Bc3 62. Be3 Bxe5 63. f3 Nc3 64. Bc5 Ke8 65. f4 Bg7 66. Bb3 a2 67.
Bxa2 Nxa2 68. Kf3 Nc3 69. Kg4 Bd7+ 70. Kf3 Kf7 71. g4 Bc6+ 72. Ke3 Nd5+ 73. Kf3
Nf6+ 0-1

[Event "4NCL/Div1/SL-WG1"]
[Site "Rd11-Birmingham"]
[Date "2000.05.01"]
[Round "11.4"]
[White "Emms, John"]
[Black "Ftacnik, Lubomir"]
[Result "1/2-1/2"]
[WhiteElo "2546"]
[BlackElo "2579"]
[PlyCount "127"]
[EventDate "2000.05.01"]

1. e4 d6 2. d4 Nf6 3. Nc3 g6 4. Nf3 Bg7 5. Be3 O-O 6. Qd2 a6 7. h3 b5 8. Bd3
Bb7 9. e5 Nd5 10. Bh6 Nxc3 11. Bxg7 Kxg7 12. Qxc3 Nd7 13. O-O-O Nb6 14. h4 dxe5
15. dxe5 Na4 16. Qb4 Bxf3 17. gxf3 c5 18. Qf4 Qd4 19. Qxd4 cxd4 20. h5 Rad8 21.
Rh4 Nc5 22. f4 f6 23. hxg6 hxg6 24. Rdh1 Nxd3+ 25. cxd3 Kf7 26. Rh7+ Ke6 27.
Re1 Rc8+ 28. Kd2 Rc7 29. exf6+ Kxf6 30. Rc1 Rxc1 31. Kxc1 a5 32. Kd2 b4 33. b3
a4 34. bxa4 Ra8 35. Kc2 Rxa4 36. Kb3 Ra3+ 37. Kxb4 Rxa2 38. Kc4 Rxf2 39. Kxd4
Rxf4+ 40. Ke3 g5 41. Rh8 Kf5 42. Re8 e6 43. d4 Re4+ 44. Kd3 Re1 45. Rf8+ Kg6
46. Rg8+ Kh5 47. Rh8+ Kg4 48. Re8 Kf3 49. Rf8+ Kg3 50. Rf6 g4 51. Kd2 Re4 52.
Kd3 Rf4 53. Rxe6 Kf2 54. Kc4 g3 55. Rg6 Kf3 56. Kc5 Rg4 57. Rf6+ Ke2 58. Ra6 g2
59. Ra1 g1=Q 60. Rxg1 Rxg1 61. d5 Ke3 62. d6 Ke4 63. d7 Rd1 64. Kc6 1/2-1/2

[Event "4NCL/Div1/SL-WG1"]
[Site "Rd11-Birmingham"]
[Date "2000.05.01"]
[Round "11.5"]
[White "Wells, Peter"]
[Black "Baburin, Alexander"]
[Result "1-0"]
[WhiteElo "2494"]
[BlackElo "2591"]
[PlyCount "77"]
[EventDate "2000.05.01"]

1. d4 d5 2. c4 dxc4 3. e4 Nc6 4. Nf3 Bg4 5. d5 Ne5 6. Bf4 Ng6 7. Bg3 e5 8. Bxc4
Bd6 9. Bb5+ Bd7 10. Qb3 Nf6 11. Nbd2 O-O 12. Bxd7 Qxd7 13. O-O c6 14. dxc6 Qxc6
15. Rac1 Qa6 16. Nh4 Rac8 17. Nf5 Bc5 18. Rc4 Rfd8 19. Rfc1 b6 20. Qc2 Qxa2 21.
Nf3 a5 22. h3 a4 23. Nxe5 Ra8 24. Nc6 Re8 25. e5 Nd7 26. Nd6 Bxd6 27. exd6 a3
28. bxa3 Qxa3 29. Qf5 Ngf8 30. Ne7+ Rxe7 31. dxe7 Qxe7 32. Rc8 Rxc8 33. Rxc8 h6
34. Qd5 Kh7 35. Bd6 Qe1+ 36. Kh2 Ne6 37. Qf5+ g6 38. Qxf7+ Ng7 39. Qg8# 1-0

[Event "4NCL/Div1/SL-WG1"]
[Site "Rd11-Birmingham"]
[Date "2000.05.01"]
[Round "11.6"]
[White "Ward, Chris"]
[Black "McNab, Colin"]
[Result "1/2-1/2"]
[WhiteElo "2509"]
[BlackElo "2424"]
[PlyCount "120"]
[EventDate "2000.05.01"]

1. e4 g6 2. d4 d6 3. c4 e5 4. Ne2 Nc6 5. Nbc3 exd4 6. Nxd4 Bg7 7. Be3 Nge7 8.
h4 h5 9. Qd2 Ne5 10. O-O-O a6 11. Bg5 c6 12. Nc2 Be6 13. Ne3 b5 14. Qxd6 Qxd6
15. Rxd6 bxc4 16. Be2 Ng4 17. Nxg4 hxg4 18. Bxe7 Kxe7 19. Rxc6 Rhc8 20. Rxc8
Rxc8 21. Rd1 Rc5 22. Nd5+ Bxd5 23. Rxd5 Rxd5 24. exd5 Kd6 25. Bxc4 a5 26. Be2
Bf6 27. g3 Bd4 28. f3 gxf3 29. Bxf3 Bf2 30. h5 gxh5 31. Bxh5 f5 32. Bf3 Bxg3
33. Kc2 Kc5 34. Kb3 Be1 35. Ka4 Bd2 36. Kb3 Be1 37. Kc2 Bg3 38. Bh1 Kd4 39. Bg2
Kc5 40. Kd3 Be5 41. Kc2 Bg3 42. Kd3 Be5 43. b3 Bc7 44. Bf3 Bf4 45. Bg2 Bc7 46.
Ke3 Be5 47. Bf3 Bg3 48. Bg2 Be5 49. Kf2 Kb4 50. Bf1 Kc5 51. Bc4 Kd4 52. Kg2 Bd6
53. Kh3 Ke5 54. Kh4 Kf6 55. Kh5 Bc5 56. Kh6 Bd6 57. Bf1 Ke5 58. Bg2 Kf6 59. Kh7
Bc5 60. Kg8 Bd6 1/2-1/2

[Event "4NCL/Div1/SL-WG1"]
[Site "Rd11-Birmingham"]
[Date "2000.05.01"]
[Round "11.7"]
[White "Turner, Matthew"]
[Black "Littlewood, Paul"]
[Result "1-0"]
[WhiteElo "2487"]
[BlackElo "2411"]
[PlyCount "184"]
[EventDate "2000.05.01"]

1. c4 e5 2. Nc3 Nf6 3. g3 Bb4 4. Bg2 O-O 5. e4 Bxc3 6. bxc3 Re8 7. d3 c6 8. Qb3
Na6 9. Ba3 b6 10. Ne2 Nc5 11. Qc2 d5 12. cxd5 cxd5 13. exd5 Nxd5 14. O-O Bb7
15. Bxc5 bxc5 16. Rab1 Bc6 17. Nc1 Qd6 18. Re1 Rad8 19. Nb3 Ne7 20. Bxc6 Nxc6
21. Re3 f5 22. Rbe1 c4 23. dxc4 Rf8 24. f4 e4 25. R3e2 Qa3 26. g4 g6 27. Rg2
Qd6 28. gxf5 Rxf5 29. Qxe4 Rxf4 30. Qe3 Rdf8 31. Nd2 Kg7 32. h3 R4f7 33. Ne4
Qe5 34. Nd2 Qd6 35. c5 Qf6 36. Qe6 Qh4 37. Rf1 Rxf1+ 38. Nxf1 Qf4 39. Ng3 Qf3
40. Kh2 Rf6 41. Qe1 Rf7 42. Qe6 Rf6 43. Qe2 Kf8 44. Ne4 Qf4+ 45. Kh1 Rf5 46.
Rf2 Qe5 47. Kg2 Rxf2+ 48. Qxf2+ Kg7 49. Qe3 Qe6 50. a3 Qe5 51. a4 a5 52. Kf3
Qd5 53. Kg3 Qe6 54. Qd3 h6 55. Kg2 Qf5 56. Qf3 Qe6 57. Nd6 Ne5 58. Qe4 Kf6 59.
Qf4+ Kg7 60. Qd4 Kh7 61. Qe4 h5 62. Kf2 Qf6+ 63. Ke2 h4 64. Nb5 Kg7 65. Nd4 Qe7
66. Nf3 Nc6 67. Qxe7+ Nxe7 68. Nxh4 Kf6 69. Kd3 Ke5 70. Kc4 Ke4 71. Nxg6 Nxg6
72. Kb5 Kd5 73. c4+ Ke6 74. Kxa5 Kd7 75. Kb5 Kc7 76. a5 Nh4 77. c6 Nf5 78. Kc5
Ne7 79. h4 Nxc6 80. a6 Ne7 81. h5 Nf5 82. Kb5 Nd6+ 83. Kb4 Nf5 84. Kc5 Nh6 85.
Kb5 Nf5 86. c5 Nd4+ 87. Kc4 Nf5 88. Kd5 Ne3+ 89. Ke6 Ng4 90. Kf5 Ne3+ 91. Kg5
Nc4 92. h6 Kb8 1-0

[Event "4NCL/Div1/SL-WG1"]
[Site "Rd11-Birmingham"]
[Date "2000.05.01"]
[Round "11.8"]
[White "Arakhamia, Ketevan"]
[Black "Lalic, Susan"]
[Result "1-0"]
[WhiteElo "2404"]
[BlackElo "2318"]
[PlyCount "61"]
[EventDate "2000.05.01"]

1. e4 c6 2. d4 d5 3. Nd2 dxe4 4. Nxe4 Nf6 5. Nxf6+ gxf6 6. c3 Bf5 7. Nf3 e6 8.
g3 Qd5 9. Bg2 Qe4+ 10. Be3 Qc2 11. Nh4 Nd7 12. Nxf5 Qxf5 13. O-O Bd6 14. c4
O-O-O 15. Qa4 h5 16. d5 exd5 17. cxd5 c5 18. Qxa7 h4 19. Rfc1 hxg3 20. hxg3
Rde8 21. Rc3 b6 22. b4 Kd8 23. Re1 Re4 24. bxc5 bxc5 25. Qa8+ Nb8 26. Rb3 Rb4
27. Rxb4 cxb4 28. Bb6+ Kc8 29. Rc1+ Kd7 30. Qb7+ Ke8 31. Rc8+ 1-0

[Event "4NCL/Div1/IND-BIG"]
[Site "Rd11-Birmingham"]
[Date "2000.05.01"]
[Round "11.2"]
[White "McShane, Luke"]
[Black "Norwood, David"]
[Result "1/2-1/2"]
[WhiteElo "2438"]
[BlackElo "2518"]
[PlyCount "99"]
[EventDate "2000.05.01"]

1. e4 g6 2. d4 Bg7 3. Nf3 d6 4. c3 Nf6 5. Bd3 O-O 6. O-O Nbd7 7. Re1 e5 8. Nbd2
b6 9. a4 a5 10. Bc2 Bb7 11. d5 Nh5 12. Nc4 h6 13. g3 Ndf6 14. b4 axb4 15. cxb4
Bc8 16. a5 Nh7 17. Ra3 bxa5 18. bxa5 Qe8 19. Ba4 Bd7 20. a6 f5 21. exf5 Rxf5
22. Nd4 Rf7 23. a7 N5f6 24. Bc6 Bxc6 25. Nxc6 Rf8 26. Re2 Qf7 27. Rb2 Nd7 28.
Be3 Ng5 29. Bxg5 hxg5 30. Qd2 Kh7 31. Rb7 Nc5 32. Rb8 Ne4 33. Qe2 Qxd5 34. Nb4
Qd4 35. Nc2 Qd5 36. Nb4 Qd4 37. Nc2 Qd5 38. N2e3 Qe6 39. Rxa8 Rxa8 40. Qd3 Nf6
41. Qb3 Qc8 42. Qb5 e4 43. Qc6 Qd8 44. Ra5 g4 45. Nd5 Nxd5 46. Qxd5 Bc3 47.
Qf7+ Kh8 48. Rb5 Rxa7 49. Nxd6 e3 50. Rh5+ 1/2-1/2

[Event "4NCL/Div1/IND-BIG"]
[Site "Rd11-Birmingham"]
[Date "2000.05.01"]
[Round "11.3"]
[White "Hennigan, Michael"]
[Black "Cooper, Lawrence"]
[Result "1-0"]
[WhiteElo "2456"]
[BlackElo "2338"]
[PlyCount "55"]
[EventDate "2000.05.01"]

1. e4 e5 2. Nf3 Nc6 3. d4 exd4 4. Nxd4 Nf6 5. Nxc6 bxc6 6. e5 Qe7 7. Qe2 Nd5 8.
c4 Nb6 9. g3 a5 10. Bg2 Na4 11. O-O Nc5 12. Nc3 Rb8 13. f4 f5 14. Be3 Qf7 15.
Rfd1 Be7 16. b3 O-O 17. Qf2 Ne6 18. Na4 Rd8 19. Rd3 Ba6 20. Rad1 Bb4 21. Bc5 g5
22. Bxb4 axb4 23. Nc5 Nxc5 24. Qxc5 gxf4 25. gxf4 Bb7 26. Rg3+ Kh8 27. e6 Qf6
28. exd7 1-0

[Event "4NCL/Div1/IND-BIG"]
[Site "Rd11-Birmingham"]
[Date "2000.05.01"]
[Round "11.4"]
[White "Webster, Andrew"]
[Black "Ledger, Andrew"]
[Result "1/2-1/2"]
[WhiteElo "2401"]
[BlackElo "2431"]
[PlyCount "26"]
[EventDate "2000.05.01"]

1. Nf3 d5 2. b3 Bg4 3. e3 Nd7 4. Bb2 e6 5. Be2 Ngf6 6. h3 Bh5 7. d3 h6 8. Nbd2
Be7 9. O-O O-O 10. Ne5 Bxe2 11. Qxe2 Nxe5 12. Bxe5 Nd7 13. Bb2 Bf6 1/2-1/2

[Event "4NCL/Div1/IND-BIG"]
[Site "Rd11-Birmingham"]
[Date "2000.05.01"]
[Round "11.5"]
[White "Cooley, Chris"]
[Black "Ferguson, Mark"]
[Result "1/2-1/2"]
[WhiteElo "2256"]
[BlackElo "2371"]
[PlyCount "105"]
[EventDate "2000.05.01"]

1. e4 e5 2. Nf3 Nc6 3. Bc4 Bc5 4. O-O Nf6 5. d3 O-O 6. c3 d6 7. h3 Bb6 8. Nbd2
Ne7 9. Bb3 c6 10. Nc4 Bc7 11. Bg5 Ng6 12. Nh4 Nf4 13. d4 Ne6 14. Nf3 Nxg5 15.
Nxg5 h6 16. dxe5 hxg5 17. exf6 Qxf6 18. Qd4 Qf4 19. Qe3 Qh4 20. Rad1 Rd8 21.
Rd3 g4 22. Qf4 Qe7 23. Ne3 gxh3 24. Nf5 Bxf5 25. Qxf5 d5 26. exd5 hxg2 27. Kxg2
g6 28. Qg4 Kg7 29. Rh1 Rh8 30. Re3 Qf6 31. Rf3 Qe5 32. d6 f5 33. Qc4 Rxh1 34.
Qf7+ Kh6 35. Kxh1 Bxd6 36. Rh3+ Kg5 37. Qc4 f4 38. Qf1 Kf6 39. Bc2 Kg7 40. Qd3
Qf6 41. Qe4 Bc5 42. Kg1 Rd8 43. Rd3 Bd6 44. Rh3 Rf8 45. Qh1 Qg5+ 46. Kf1 Kf6
47. Rh6 Rg8 48. Bd3 Be5 49. Qh3 Rg7 50. Bc4 Qf5 51. Qh4+ Qg5 52. Qh3 Qf5 53.
Qh4+ 1/2-1/2

[Event "4NCL/Div1/IND-BIG"]
[Site "Rd11-Birmingham"]
[Date "2000.05.01"]
[Round "11.6"]
[White "Baker, Chris W"]
[Black "Farndon, David"]
[Result "1/2-1/2"]
[WhiteElo "2357"]
[BlackElo "2253"]
[PlyCount "84"]
[EventDate "2000.05.01"]

1. d4 d5 2. c4 c6 3. Nf3 Nf6 4. Nc3 dxc4 5. a4 Bf5 6. e3 e6 7. Bxc4 Bb4 8. O-O
O-O 9. Bd2 Qe7 10. Qe2 Bg6 11. Ne5 Nbd7 12. Nxg6 hxg6 13. e4 e5 14. d5 Rfd8 15.
Rfd1 Nb6 16. dxc6 bxc6 17. Bb3 Nbd7 18. Qc4 Rab8 19. Be3 Bc5 20. Bxc5 Nxc5 21.
Rxd8+ Rxd8 22. Qb4 Rd4 23. Bc4 a5 24. Qb8+ Qe8 25. Qxe8+ Nxe8 26. Be2 Kf8 27.
Rd1 Ke7 28. f3 Nc7 29. Kf1 N7e6 30. Ke1 Rb4 31. Rb1 Nd4 32. Kd2 Nxa4 33. Nxa4
Rxa4 34. Ba6 g5 35. Kc3 f6 36. Bc4 Kd6 37. Rh1 Rb4 38. Ra1 Nb5+ 39. Bxb5 Rxb5
40. Rd1+ Ke7 41. b3 Rc5+ 42. Kb2 g6 1/2-1/2

[Event "4NCL/Div1/IND-BIG"]
[Site "Rd11-Birmingham"]
[Date "2000.05.01"]
[Round "11.7"]
[White "Wade, Robert"]
[Black "Mason, Don"]
[Result "1/2-1/2"]
[WhiteElo "2204"]
[BlackElo "2279"]
[PlyCount "65"]
[EventDate "2000.05.01"]

1. d4 Nf6 2. Nc3 d5 3. Bg5 Nbd7 4. e3 g6 5. Nf3 Bg7 6. Ne5 Ne4 7. Nxe4 dxe4 8.
Nxd7 Bxd7 9. c3 Be6 10. Be2 O-O 11. O-O c6 12. c4 h6 13. Bh4 g5 14. Bg3 f5 15.
Be5 Bxe5 16. dxe5 Qa5 17. Qb3 Rab8 18. Qa3 Qxa3 19. bxa3 f4 20. Rfd1 Rf5 21.
Bg4 Rxe5 22. Bxe6+ Rxe6 23. Rd7 Kf7 24. Rad1 Kf6 25. h4 a5 26. a4 b6 27. Rc7 c5
28. Rdd7 Re8 29. Kh2 fxe3 30. fxe3 gxh4 31. Rd5 Kg6 32. Rdd7 Kf7 33. Rd5
1/2-1/2

[Event "4NCL/Div1/IND-BIG"]
[Site "Rd11-Birmingham"]
[Date "2000.05.01"]
[Round "11.8"]
[White "Regan, Natasha"]
[Black "Richards, Heather"]
[Result "0-1"]
[WhiteElo "2184"]
[BlackElo "2117"]
[PlyCount "94"]
[EventDate "2000.05.01"]

1. e4 e6 2. d4 d5 3. Nc3 Bb4 4. e5 c5 5. Bd2 Ne7 6. f4 Nf5 7. Nf3 Nc6 8. dxc5
Bxc5 9. Bd3 Nh4 10. Qe2 Nxf3+ 11. Qxf3 Bd7 12. Qg3 g6 13. O-O-O a6 14. f5 Qc7
15. fxg6 hxg6 16. Bxg6 O-O-O 17. Bxf7 Nxe5 18. Rhf1 Bd6 19. Qg7 Kb8 20. h3 Rc8
21. Be3 b5 22. Rf2 Rhf8 23. a3 Be8 24. Qxf8 Bxf8 25. Bxe6 Bd7 26. Bxd7 Nxd7 27.
Rxd5 Qc6 28. Rf7 Bh6 29. Bxh6 Qxh6+ 30. Kb1 Nb6 31. Re5 Qc6 32. Ree7 Qxg2 33.
h4 Nc4 34. h5 Ne3 35. h6 Qxc2+ 36. Ka2 Rxc3 37. Rf8+ Rc8 38. Rxc8+ Qxc8 39.
Rxe3 Qg8+ 40. Rb3 Kc7 41. h7 Qxh7 42. Rc3+ Kb6 43. Kb3 Qb1 44. Rc2 a5 45. Kc3
b4+ 46. axb4 axb4+ 47. Kb3 Qd1 0-1

[Event "4NCL/Div1/NWE-ADs"]
[Site "Rd11-Birmingham"]
[Date "2000.05.01"]
[Round "11.1"]
[White "Tebb, David"]
[Black "Chandler, Murray"]
[Result "0-1"]
[WhiteElo "2272"]
[BlackElo "2527"]
[PlyCount "76"]
[EventDate "2000.05.01"]

1. e4 c5 2. Nf3 e6 3. d4 cxd4 4. Nxd4 a6 5. Bd3 Bc5 6. Nb3 Ba7 7. c4 d6 8. Nc3
Nc6 9. O-O Nge7 10. Qe2 O-O 11. Kh1 e5 12. Nd5 Nxd5 13. cxd5 Nb4 14. Bb1 a5 15.
Bd2 Bb6 16. a3 Na6 17. a4 Bd7 18. Bd3 Nb4 19. Bb5 f5 20. f4 fxe4 21. fxe5 Rxf1+
22. Rxf1 dxe5 23. Bc4 Nd3 24. d6+ Kh8 25. Bxd3 exd3 26. Qxe5 Qe8 27. Qf4 Kg8
28. Bc3 Qg6 29. Rf3 Re8 30. Rg3 Qf7 31. Qxf7+ Kxf7 32. Rxg7+ Ke6 33. Nc1 Bd4
34. Rxh7 Bxc3 35. Nxd3 Bd4 36. Rh4 Kd5 37. Rh5+ Kxd6 38. Rxa5 Re3 0-1

[Event "4NCL/Div1/NWE-ADs"]
[Site "Rd11-Birmingham"]
[Date "2000.05.01"]
[Round "11.2"]
[White "Mestel, Jonathan"]
[Black "Kennaugh, Charles"]
[Result "1/2-1/2"]
[WhiteElo "2479"]
[BlackElo "2290"]
[PlyCount "137"]
[EventDate "2000.05.01"]

1. c4 e5 2. Nc3 Bb4 3. Nd5 a5 4. e3 c6 5. Nxb4 axb4 6. d4 d6 7. Qb3 c5 8. Ne2
Nc6 9. d5 Na5 10. Qc2 b5 11. cxb5 Nf6 12. e4 Bd7 13. Ng3 O-O 14. Bd2 Qb6 15.
Bg5 Ne8 16. Be7 Nc7 17. Bxf8 Kxf8 18. Bd3 Nxb5 19. Ne2 Rc8 20. b3 Na3 21. Qd1
c4 22. bxc4 b3 23. axb3 Nxb3 24. O-O Nxa1 25. Qxa1 Nxc4 26. Rb1 Qa5 27. Qxa5
Nxa5 28. f3 Rc7 29. Ba6 Ke7 30. Kf2 Bc8 31. Bxc8 Rxc8 32. Rb5 Ra8 33. Nc1 Ra7
34. Rb4 Rc7 35. Nd3 Rc2+ 36. Kg3 Nc4 37. Rb7+ Kf6 38. Rc7 Ne3 39. Rxc2 Nxc2 40.
Kf2 Nd4 41. Ke3 Nc2+ 42. Kd2 Nd4 43. Kc3 h5 44. Kc4 Nc2 45. Kb5 Ke7 46. Kc6
Nd4+ 47. Kc7 Nb5+ 48. Kc8 h4 49. Nb4 Ke8 50. Na6 Ke7 51. Nb8 g6 52. Kb7 f5 53.
Nc6+ Kd7 54. Nb8+ Ke7 55. Nc6+ Kf6 56. exf5 gxf5 57. Nb4 Nd4 58. Kc7 h3 59.
gxh3 Nxf3 60. Kxd6 e4 61. Nc2 f4 62. Kc5 Ke5 63. d6 Ng5 64. d7 Ne6+ 65. Kc4 f3
66. Ne3 Kf4 67. Nd5+ Ke5 68. Ne3 Kf4 69. Nd5+ 1/2-1/2

[Event "4NCL/Div1/NWE-ADs"]
[Site "Rd11-Birmingham"]
[Date "2000.05.01"]
[Round "11.3"]
[White "Littlewood, John"]
[Black "Bellin, Robert"]
[Result "0-1"]
[WhiteElo "2313"]
[BlackElo "2351"]
[PlyCount "134"]
[EventDate "2000.05.01"]

1. e4 c5 2. Nf3 d6 3. d4 cxd4 4. Nxd4 Nf6 5. Nc3 Nc6 6. Bc4 Qb6 7. Nde2 e6 8.
O-O a6 9. Kh1 Be7 10. Be3 Qc7 11. f4 b5 12. Bb3 Na5 13. Qd4 O-O 14. e5 dxe5 15.
fxe5 Nc6 16. exf6 Nxd4 17. fxe7 Qxe7 18. Bxd4 Bb7 19. Ng3 Rad8 20. Be3 Bc6 21.
Rae1 Qb7 22. Rf2 b4 23. Na4 Bd5 24. Nc5 Qc8 25. Nd3 Bxb3 26. axb3 a5 27. Nf4
Qc6 28. Ra1 e5 29. Nd3 Rd5 30. Raf1 f6 31. h3 Re8 32. Nf5 Re6 33. Bc1 e4 34.
Ne1 Rd1 35. Be3 Qd7 36. g4 g6 37. Ng3 Qc6 38. Ne2 Red6 39. Kg1 Qa6 40. Ng3 Qc6
41. Rf4 Re6 42. Ne2 Red6 43. Ng3 Re6 44. Ne2 Qd5 45. Ng3 Kg7 46. Ne2 h5 47.
gxh5 Qxh5 48. Rg4 Qxh3 49. Rxg6+ Kf7 50. Rg3 Qh7 51. Nf4 Re8 52. Kf2 Rg8 53.
Rxg8 Qxg8 54. Rg1 Qc8 55. Ke2 Rxe1+ 56. Rxe1 Qxc2+ 57. Bd2 Qxb3 58. Rf1 Qxb2
59. Nd5 Ke6 60. Nxf6 Qc2 61. Nh5 b3 62. Nf4+ Kd6 63. Rc1 Qa2 64. Rd1 b2 65.
Bc3+ Kc6 66. Bxb2 Qxb2+ 67. Rd2 Qb3 0-1

[Event "4NCL/Div1/NWE-ADs"]
[Site "Rd11-Birmingham"]
[Date "2000.05.01"]
[Round "11.4"]
[White "Richardson, John"]
[Black "Quillan, Gary"]
[Result "1-0"]
[WhiteElo "2331"]
[BlackElo "2349"]
[PlyCount "119"]
[EventDate "2000.05.01"]

1. Nf3 c5 2. b3 Nc6 3. Bb2 d6 4. e3 e5 5. d3 f5 6. Be2 Nf6 7. O-O Be7 8. c4 O-O
9. Nc3 h6 10. a3 Be6 11. d4 Bf7 12. d5 Nb8 13. Qc2 Qd7 14. Rab1 Na6 15. Ba1 g5
16. Nd2 g4 17. f3 gxf3 18. gxf3 Nh5 19. f4 exf4 20. exf4 Rae8 21. Bd3 Bg6 22.
Kh1 Kh7 23. Ne2 Bh4 24. Nf3 Bd8 25. Rf2 Rf7 26. Rg1 Rg8 27. Qd2 Nc7 28. Rfg2
Ne8 29. Ng3 Nef6 30. Nxf5 Bxf5 31. Qc2 Ng4 32. Rxg4 Rxg4 33. Rxg4 Bxd3 34.
Qxd3+ Qf5 35. Qxf5+ Rxf5 36. Nd2 Rxf4 37. Rxf4 Nxf4 38. Ne4 Be7 39. Bf6 Bf8 40.
Bd8 Nd3 41. Bc7 Nc1 42. b4 cxb4 43. axb4 Nd3 44. Nxd6 Bxd6 45. Bxd6 Kg6 46. Kg2
Kf5 47. Kf3 Nb2 48. c5 Nc4 49. Bf4 h5 50. c6 bxc6 51. dxc6 a6 52. Bg3 Nb6 53.
Ke3 Nc8 54. Kd4 Kf6 55. Kd5 Kf7 56. Bh4 Kf8 57. Ke6 Ke8 58. c7 Nb6 59. Bf2 Nc8
60. Bc5 1-0

[Event "4NCL/Div1/NWE-ADs"]
[Site "Rd11-Birmingham"]
[Date "2000.05.01"]
[Round "11.5"]
[White "Lund, Brett"]
[Black "Lyell, Mark"]
[Result "1/2-1/2"]
[WhiteElo "2291"]
[BlackElo "2222"]
[PlyCount "122"]
[EventDate "2000.05.01"]

1. c4 b6 2. Nc3 e6 3. e4 Bb7 4. Nge2 Nf6 5. d3 d5 6. cxd5 exd5 7. e5 Nfd7 8. d4
Be7 9. f4 c5 10. Be3 O-O 11. g3 Na6 12. Bg2 Nc7 13. O-O Rc8 14. Qd2 f5 15. Rad1
c4 16. g4 g6 17. gxf5 gxf5 18. Ng3 Bh4 19. Qc2 Bxg3 20. hxg3 Qe8 21. g4 fxg4
22. f5 Qh5 23. Rf4 Qh4 24. Rdf1 Rce8 25. Qe2 h5 26. f6 Rf7 27. Rf5 Ne6 28. Qd2
Ndf8 29. Nxd5 Bxd5 30. Bxd5 Rd8 31. Bc6 Qg3+ 32. Bg2 h4 33. Bf2 Qd3 34. Qxd3
cxd3 35. d5 h3 36. dxe6 Nxe6 37. Be4 d2 38. Bc2 Rc7 39. Bb3 Kf7 40. Bd1 Rc1 41.
Bh4 Nd4 42. R5f2 Nf3+ 43. Rxf3 gxf3 44. Kf2 h2 45. Kxf3 Rxd1 46. Rxd1 h1=Q+ 47.
Rxh1 d1=Q+ 48. Rxd1 Rxd1 49. Ke4 Ke6 50. Bf2 Rf1 51. Bd4 Rf5 52. Bc3 b5 53. Kd3
Rf4 54. a3 Rh4 55. Kc2 Rf4 56. Kd3 Rf3+ 57. Ke4 Rf5 58. Bd4 a5 59. Bc3 a4 60.
Bd4 Rh5 61. Bc3 Rf5 1/2-1/2

[Event "4NCL/Div1/NWE-ADs"]
[Site "Rd11-Birmingham"]
[Date "2000.05.01"]
[Round "11.6"]
[White "Friedgood, David"]
[Black "James, Dale"]
[Result "1-0"]
[WhiteElo "2244"]
[BlackElo "2239"]
[PlyCount "31"]
[EventDate "2000.05.01"]

1. c4 e5 2. Nc3 f5 3. d4 e4 4. Nh3 Nf6 5. Bg5 c6 6. Nf4 Be7 7. e3 O-O 8. c5 d5
9. cxd6 Qxd6 10. Bc4+ Kh8 11. h4 b5 12. Ng6+ hxg6 13. h5 Ng8 14. hxg6+ Nh6 15.
Bxh6 gxh6 16. Qh5 1-0

[Event "4NCL/Div1/NWE-ADs"]
[Site "Rd11-Birmingham"]
[Date "2000.05.01"]
[Round "11.7"]
[White "Hague, Ben"]
[Black "Bellin, Jana"]
[Result "1-0"]
[WhiteElo "2250"]
[BlackElo "2169"]
[PlyCount "89"]
[EventDate "2000.05.01"]

1. e4 c5 2. c3 e6 3. d4 d5 4. e5 Nc6 5. Nf3 Nh6 6. Bd3 cxd4 7. cxd4 Nf5 8. Bxf5
exf5 9. Nc3 Be6 10. O-O Be7 11. Ne1 Qb6 12. Ne2 g5 13. f4 h6 14. Kh1 O-O-O 15.
Nd3 f6 16. exf6 Bxf6 17. Ne5 Kb8 18. b4 Bxe5 19. dxe5 g4 20. a4 Qxb4 21. Ba3
Qc4 22. Rc1 Qa6 23. Nc3 Rh7 24. Nb5 Qa5 25. Rf2 a6 26. Rxc6 bxc6 27. Nd4 Bd7
28. Rb2+ Ka8 29. e6 Be8 30. Bb4 Qc7 31. Qd3 Qxf4 32. Bd2 Qc7 33. Nxf5 Rb8 34.
Qxa6+ Qa7 35. Rxb8+ Kxb8 36. Bf4+ Rc7 37. Qxa7+ Kxa7 38. Bxc7 Kb7 39. Bd6 d4
40. Ng7 Bg6 41. e7 Ka6 42. e8=Q Bxe8 43. Nxe8 d3 44. Bf4 c5 45. Kg1 {
both scoresheets have ambiguities around move 41} 1-0

[Event "4NCL/Div1/NWE-ADs"]
[Site "Rd11-Birmingham"]
[Date "2000.05.01"]
[Round "11.8"]
[White "Anderton, David"]
[Black "Chevannes, Sabrina"]
[Result "1-0"]
[WhiteElo "2215"]
[BlackElo "1488"]
[PlyCount "75"]
[EventDate "2000.05.01"]

1. d4 Nf6 2. c4 c6 3. Nc3 d5 4. e3 e6 5. Nf3 Nbd7 6. Qc2 g6 7. b3 Bg7 8. Bb2
O-O 9. Be2 Qe7 10. O-O Rd8 11. Rad1 Nb6 12. Rfe1 Qc7 13. e4 dxe4 14. Nxe4 Nbd7
15. Nc3 b6 16. Bc1 Bb7 17. Bg5 Re8 18. Qd2 Rac8 19. Bf4 Qd8 20. h3 Nh5 21. Bg5
Bf6 22. Bxf6 Nhxf6 23. Qh6 Qe7 24. Ne5 Qf8 25. Qh4 Qg7 26. f4 Red8 27. Bf3 Ba8
28. g4 Nxe5 29. dxe5 Nd7 30. Ne4 Qf8 31. Rxd7 h6 32. Red1 Rxd7 33. Rxd7 a6 34.
Nd6 f5 35. exf6 h5 36. Qg5 Kh8 37. Qxg6 Qg8 38. Qh6+ 1-0